Pays ayant remporté le plus de Ligues des Champions - Statistiques

Statistiques générales
  • Ce quiz a été pris 116 fois
  • Le résultat moyen est 7 sur 7
Statistiques - réponses
Hint Réponse % Correct
15 victoires Angleterre
100%
12 victoires Italie
100%
20 victoires Espagne
99%
9 victoires Allemagne
98%
2 victoires France
97%
4 victoires Portugal
97%
6 victoire Pays-Bas
96%
Aucun quiz correspondant
Distribution des résultats
% des personnes avec chaque résultat
Percentile par nombre de réponses
Votre historique - résultats
Vous n’avez pas pris ce quiz